នារីក្លាហាន / (Record no. 1593)
[ view plain ]
| 000 -LEADER | |
|---|---|
| fixed length control field | 01797nam a22002657a 4500 |
| 001 - CONTROL NUMBER | |
| control field | 1593 |
| 003 - CONTROL NUMBER IDENTIFIER | |
| control field | FISKH |
| 005 - DATE AND TIME OF LATEST TRANSACTION | |
| control field | 20250527113205.0 |
| 008 - FIXED-LENGTH DATA ELEMENTS--GENERAL INFORMATION | |
| fixed length control field | 230908b cb ||||| |||| 00| 0 khr d |
| 020 ## - INTERNATIONAL STANDARD BOOK NUMBER | |
| International Standard Book Number | 9789924341468 |
| 040 ## - CATALOGING SOURCE | |
| Original cataloging agency | FISKH |
| Language of cataloging | eng |
| Transcribing agency | FISKH |
| Modifying agency | FISKH |
| 082 ## - DEWEY DECIMAL CLASSIFICATION NUMBER | |
| Classification number | 920.72 |
| 100 ## - MAIN ENTRY--PERSONAL NAME | |
| Personal name | Bagieu, Penelope |
| 245 ## - TITLE STATEMENT | |
| Title | នារីក្លាហាន / |
| Remainder of title | ធ្វើអ្វីតាមតែទំនើងចិត្ត : |
| Statement of responsibility, etc. | បកប្រែពីភាសាបារាំងដោយ ឡាច រតនា |
| 260 ## - PUBLICATION, DISTRIBUTION, ETC. | |
| Place of publication, distribution, etc. | Phnom Penh : |
| Name of publisher, distributor, etc. | Sipar, |
| Date of publication, distribution, etc. | 2016. |
| 300 ## - PHYSICAL DESCRIPTION | |
| Extent | 141 pages : |
| Other physical details | color illustrations ; |
| Dimensions | 27 cm |
| 505 ## - FORMATTED CONTENTS NOTE | |
| Formatted contents note | S <br/> |
| 520 ## - SUMMARY, ETC. | |
| Summary, etc. | Cheeky women គឺជាសៀវភៅបែបកំប្លែងដែលប្រាប់ពីដំណើររឿងប្រវត្តិសាស្ត្រនៃភាពក្លាហានរបស់ស្ត្រីជាក់លាក់មួយចំនួនក្នុងពិភពលោក ដែលហ៊ានជម្នះគ្រប់ឧបសគ្គដើម្បីសម្រេចបាននូវអ្វីដែលពួកគេគិតថាត្រឹមត្រូវ និងអ្វីដែលពួកគេចង់ធ្វើសម្រាប់ខ្លួនឯង និងសង្គម។ |
| 520 ## - SUMMARY, ETC. | |
| Summary, etc. | Cheeky women is a comic book telling the story of history of the courage of some specific women in the world who dared to overcome all the obstacles to achieve what they think it is right and what they want to do for themselves and society. |
| 521 8# - TARGET AUDIENCE NOTE | |
| Target audience note | 790 <br/> |
| Source | S<br/> |
| 521 8# - TARGET AUDIENCE NOTE | |
| Target audience note | Lexile estimate <br/> |
| Source | Raz-Plus <br/> |
| 650 ## - SUBJECT ADDED ENTRY--TOPICAL TERM | |
| Topical term or geographic name entry element | ក្លាហាន |
| Form subdivision | នារីខ្លាំង |
| 650 ## - SUBJECT ADDED ENTRY--TOPICAL TERM | |
| Topical term or geographic name entry element | Cheeky |
| Form subdivision | Strong women |
| 942 ## - ADDED ENTRY ELEMENTS (KOHA) | |
| Source of classification or shelving scheme | Dewey Decimal Classification |
| Koha item type | Books |
| Suppress in OPAC | No |
| Withdrawn status | Lost status | Source of classification or shelving scheme | Damaged status | Not for loan | Collection | Home library | Current library | Shelving location | Date acquired | Total Checkouts | Full call number | Barcode | Date last seen | Copy number | Price effective from | Koha item type | Date last checked out |
|---|---|---|---|---|---|---|---|---|---|---|---|---|---|---|---|---|---|
| Dewey Decimal Classification | Khmer Language Books / សៀវភៅភាសាខ្មែរ | Footprints International School Library Network Toul Kork Campus | Footprints International School Library Network Toul Kork Campus | TK Campus, Room B402, Khmer Book Case 16, Shelves 112-123 / ទូរសៀវភៅខ្មែរលេខ ១៦ ធ្នើរ ១១២ ដល់ ១២៣ បន្ទប់ B402 សាខាទួលគោក | 09/08/2023 | BAG 920.72 | 2023-0538 | 09/08/2023 | 1 | 09/08/2023 | Books | ||||||
| Dewey Decimal Classification | Khmer Language Books / សៀវភៅភាសាខ្មែរ | Footprints International School Library Network Toul Tom Poung Campus | Footprints International School Library Network Toul Tom Poung Campus | TTP Secondary Khmer Bookshelves | 09/08/2023 | 2 | BAG 920.72 | 2023-0539 | 02/02/2026 | 2 | 09/08/2023 | Books | 01/05/2026 |
